000 00315nam a22001337a 4500
008 181011b xxu||||| |||| 00| 0 eng d
020 _a9780815106425
041 _aeng
080 _a610
100 _a4
101 _aSHM
245 _aDiagnostic Strategies for Internal Medicine
_cGrodzin, Ch.J
942 _2udc
_cBK
999 _c49377
_d49377